|
|
|
|
| LEADER |
00000nab a2200000 a 4500 |
| 001 |
vtls008154922 |
| 003 |
SK-MaSNL |
| 005 |
20260303080539.0 |
| 008 |
050519c20050512xo dr|p|||||||000 b|slo |
| 015 |
|
|
|a SNBRB2005/05
|2 snkbucl
|
| 038 |
|
|
|a SNKBUCL
|
| 040 |
|
|
|a SNKBUCL
|b slo
|c SNKBUCL
|e AACR2
|
| 041 |
0 |
|
|a slo
|
| 044 |
|
|
|a xo
|c SK
|
| 080 |
|
|
|a 796.332.093.1
|2 UDC-MRF-SK2
|
| 245 |
0 |
0 |
|a Futbalová Corgoň liga - 30. kolo
|
| 300 |
|
|
|b Fotogr., tab.
|
| 648 |
|
7 |
|a sezóna 2004/2005
|2 snkbucl
|9 848867
|
| 650 |
0 |
7 |
|a futbal
|2 snkbucl
|9 3291
|
| 650 |
0 |
7 |
|a Corgoň liga
|2 snkbucl
|9 848915
|
| 650 |
0 |
7 |
|a 30. kolo
|2 snkbucl
|9 1024877
|
| 773 |
0 |
|
|t Šport
|g Roč. 59, č. 109 (12.5.2005), s. 34-36
|x 0139-7001
|
| 852 |
|
|
|a SNK
|b KIS3GCP
|
| 999 |
|
|
|c 1780921
|d 1782851
|